| 000 | 00587nam a2200205 a 4500 | ||
|---|---|---|---|
| 005 | 20140310183503.0 | ||
| 008 | 101014s19uu xx 00 eng d | ||
| 020 | _a9789710550098 | ||
| 050 |
_aTR 860 _b.Qu5 2010 |
||
| 100 | _aQuesada, Bryan T. | ||
| 245 |
_aVideo production and digital photography for beginners / _cBryan T. Quesada |
||
| 250 | _a3rd ed. | ||
| 260 |
_aPhilippines : _bTechFactors, _c2010. |
||
| 300 |
_a116 p. : _bcol. ill. ; _c26 cm. |
||
| 521 | _aMC | ||
| 650 | _aVideo production. | ||
| 650 | _aVisual production. | ||
| 942 |
_cBK _2lcc _kLOC |
||
| 999 |
_c23984 _d23984 |
||